Gilgames o la conquista de la inmortalidad
Gorde:
| Egile nagusia: | |
|---|---|
| Formatua: | Liburua |
| Hizkuntza: | gaztelania |
| Argitaratua: |
Madrid
Trotta
2007
|
| Saila: | Pliegos de Oriente
|
| Gaiak: | |
| Etiketak: |
Etiketa erantsi
Etiketarik gabe, Izan zaitez lehena erregistro honi etiketa jartzen!
|
MARC
| LEADER | 00000nam a2200000 a 4500 | ||
|---|---|---|---|
| 001 | UCI8821 | ||
| 003 | CL-VaPUC | ||
| 008 | 081009e20070000SP |||||||||||||||||spa|d | ||
| 020 | |a 9788481649383 | ||
| 082 | 0 | 4 | |a 892.1 |b DAG |2 21 |
| 100 | 0 | |a D'Agostino, Franco |e author |9 532433 | |
| 245 | 1 | 0 | |a Gilgames o la conquista de la inmortalidad |
| 300 | |a 223 p | ||
| 942 | |c BK | ||
| 945 | |d 20081009 00:00:00 |a rbrito | ||
| 260 | |a Madrid |b Trotta |c 2007 | ||
| 650 | 7 | |a LITERATURA EPICA MESOPOTAMICA |2 CL-VaPUC |9 532434 | |
| 650 | 7 | |a POESIA EPICA MESOPOTAMICA |2 CL-VaPUC |9 532435 | |
| 650 | 7 | |a POESIA ASIRIO-BABILONICA |2 CL-VaPUC |9 532436 | |
| 650 | 0 | |a Historia y crítica |9 257407 | |
| 651 | 7 | |a BABILONIA |2 CL-VaPUC |9 322408 | |
| 583 | |a last modification |c 20081009 00:00:00 |k Rodrigo Vera | ||
| 490 | 0 | |a Pliegos de Oriente | |
| 999 | |c 331587 |d 331585 | ||
| 952 | |0 0 |1 0 |4 0 |6 892_100000000000000_DAG_2007 |7 0 |8 A |9 418354 |a BIBHIS |b BIBHIS |d 2019-11-22 |i 4486013 |o 892.1 DAG 2007 |p 4486013 |r 2025-01-20 |w 2019-11-22 |y BK |k HIS | ||